Crónica de Alfonso III / (Record no. 50148)

MARC details
000 -LEADER
campo de control de longitud fija 00673nam a2200193 i 4500
001 - NÚMERO DE CONTROL
campo de control 50148
003 - IDENTIFICADOR DE NÚMERO DE CONTROL
campo de control ES-MaACL
005 - FECHA Y HORA DE LA ÚLTIMA TRANSACCIÓN
campo de control 20250905140936.0
007 - CAMPO FIJO DE DESCRIPCIÓN FÍSICA--INFORMACIÓN GENERAL
campo de control de longitud fija t|
008 - DATOS DE LONGITUD FIJA--INFORMACIÓN GENERAL
campo de control de longitud fija 030731s1918 sp ||||1| spa d
245 00 - MENCIÓN DEL TÍTULO
Título Crónica de Alfonso III /
Mención de responsabilidad, etc. edición preparada por Zacarías García Villada.
260 ## - PUBLICACIÓN, DISTRIBUCIÓN, ETC.
Lugar de publicación, distribución, etc. Madrid :
Nombre del editor, distribuidor, etc. Sucesores de Rivadeneyra,
Fecha de publicación, distribución, etc. 1918.
300 ## - DESCRIPCIÓN FÍSICA
Extensión 155 p., ;
Dimensiones 21 cm.
594 ## - Nota al título y mención de responsabilidad
Nota al título y mención de responsabilidad Precede al tít.: Junta para Ampliación de Estudios... Centro de Estudios Historicos.
651 #4 - PUNTO DE ACCESO ADICIONAL DE MATERIA--NOMBRE GEOGRÁFICO
Nombre geográfico Asturias (Reino)-
Subdivisión general Historia-
Subdivisión de forma Fuentes.
9 (RLIN) 146019
700 1# - ENTRADA AGREGADA--NOMBRE PERSONAL
Nombre de persona García Villada, Zacarías,
Fechas asociadas al nombre 1879-1936
9 (RLIN) 55406
852 ## - LOCALIZACIÓN
Ubicación ES-MaACL
Número de control de estantería A-489
Holdings
Estatus retirado Estado de pérdida Estado de daño No para préstamo Biblioteca de origen Biblioteca actual Ubicación en estantería Fecha de adquisición Fuente de adquisición Total de préstamos Signatura topográfica completa Código de barras Visto por última vez Precio de reemplazo Tipo de ítem Koha
        Biblioteca del Ateneo de Madrid Biblioteca del Ateneo de Madrid Sala Pecera Planta 1 17/01/2008     A-489 1052752 23/02/2023 23/02/2023 Libro impreso